000 00568cam a22002052 4500
001 0000019635
005 20151217155901.0
008 110114s xx 000 0 eng d
020 _a0810980991 :
040 _aKABU
_cKABU
245 1 0 _aMaasai. :
_cTepilit Ole Saitoti.
250 _a1st ed.
260 _aNew York :
_bAbrams,
_c1990.
300 _a276p.
650 0 _aMasai
_zAfrica.
_@0000179444
700 1 _aSaitoti, Ole Tepilit.
_@0000179445
852 1 _9p5395 KES
908 _a110114
950 _@1
999 _c13705
_d13705